| 000 | 00676nam a2200181Ia 4500 | ||
|---|---|---|---|
| 003 | GCL | ||
| 008 | 140319s9999 xx 000 0 ara d | ||
| 040 |
_aGCL / _cGCL |
||
| 082 | 0 | 4 |
_a722 _bات |
| 100 | 1 | _aاسماعيل سراج الدين | |
| 245 | 1 | 0 |
_aالتجديد والتاصيل فى عمارة المجتمعات الاسلامية: دراسة لتجربة جائزة الاغاخان للعمارة0 / _cاسماعيل سراج الدين |
| 260 |
_a[S.N] : _bجامعة اسيوط ، _c1989 |
||
| 300 | _a175 ص | ||
| 490 | _a | ||
| 650 | 0 | 4 | _aالعمارة والمجتمع الاسلامى |
| 650 | 0 | 4 | _aالعمارة الاسلامية |
| 942 |
_2ddc _cBK |
||
| 999 |
_c44504 _d44504 |
||